Bauphysikalische Entwurfslehre : Bautechnischer Wärme- und Feuchtigkeitsschutz /

Gespeichert in:
Bibliographische Detailangaben
Hauptverfasser: Eichler, Friedrich (Verfasst von), Arndt, Horst (Verfasst von)
Format: Buch
Sprache:Deutsch
Veröffentlicht: Berlin : Verl.f.Bauwesen, 1982
Ausgabe:1. vyd.
Tags: Tag hinzufügen
Keine Tags, Fügen Sie das erste Tag hinzu!

MARC

LEADER 00000nam a22000003a 4500
001 stu29754
005 20150617225737.8
008 951002s1982----gw------------------ger-d
040 |a STU  |b slo 
041 0 |a ger 
044 |a gw 
080 |a 699 
100 1 |a Eichler, Friedrich  |4 aut 
245 1 |a Bauphysikalische Entwurfslehre :  |b Bautechnischer Wärme- und Feuchtigkeitsschutz /  |c [aut]Eichler,F.;Arndt,H 
250 |a 1. vyd. 
260 |a Berlin :  |b Verl.f.Bauwesen,  |c 1982 
300 |a 474 s 
700 1 |a Arndt, Horst  |4 aut 
996 |b 284V027248  |c V*26987/O-11297  |l VVT  |s A  |a 24  |w stu29754_0001 
996 |b 284V027247  |c V*26988/O-11297a  |l VVT  |s A  |a 24  |w stu29754_0002